Przystanki Linia 57 Szczecin - Statystyki

Ogólne statystyki
  • Ten quiz został rozwiązany 33 razy
  • Średni wynik to 15 z 20
Statystyki odpowiedzi
Numer Przystanek % Poprawnych
20 Kołłątaja
100%
1 Warszewo
100%
19 Niemcewicza
96%
18 Boguchwały
87%
12 Pasterska
87%
2 Szwedzka
87%
4 Warszewo Kościół
87%
15 Wilcza Wiadukt
87%
16 1 Maja
83%
13 Komuny Paryskiej
83%
10 Axentowicza
78%
11 Bandurskiego
78%
17 Cyryla i Metodego
78%
8 Rostocka
78%
14 Staw Brodowski
74%
5 Łączna
70%
6 Czeska
65%
3 Wapienna
57%
9 Kresowa
39%
7 Jemiołowa
26%
Nie znaleziono quizów pasujących do podanych kryteriów
Rozkład punktacji
Procent ludzi z każdym wynikiem
Percentyl według liczby udzielonych odpowiedzi
Twoja historia wyników
Nie rozwiązałeś tego quizu